Largest Pokémon - Statistics

General Stats
  • This quiz has been taken 135 times
    122 since last reset
  • The average score is 15 of 25
Answer Stats
Size Generation Pokémon % Correct
47’07” 3 (Hoenn) Wailord
82%
35’05” 3 (Hoenn) Mega Rayquaza
80%
32’01” 3 (Hoenn) Primal Kyogre
79%
23’00” 3 (Hoenn) Rayquaza
79%
14’09” 3 (Hoenn) Kyogre
78%
65’07” 8 (Galar) Eternatus
77%
34’05” 2 (Johto) Mega Steelix
74%
28’10” 1 (Kanto) Onix
74%
30’02” 2 (Johto) Steelix
74%
17’09” 4 (Sinnoh) Dialga
71%
16’05” 6 (Kalos) Zygarde (50% Form)
67%
14’09” 6 (Kalos) Zygarde (Complete Form)
67%
14’09” 4 (Sinnoh) Giratina (Altered Form)
63%
22’08” 4 (Sinnoh) Giratina (Origine Form)
63%
17’01” 2 (Johto) Lugia
62%
24’07” 7 (Alola) Ultra Necrozma
59%
30’02” 7 (Alola) Celesteela
58%
19’00” 6 (Kalos) Yveltal
58%
18’01” 7 (Alola) Guzzlord
57%
21’04” 1 (Kanto) Gyarados
51%
21’04” 1 (Kanto) Mega Gyarados
51%
18’01” 7 (Alola) Stakataka
48%
21’04” 6 (Kalos) Hoopa (Unbound)
27%
20’04” 3 (Hoenn) Milotic
22%
26’11” 7 (Alola) Wishiwashi (School Form)
17%
No matching quizzes found
Score Distribution
Percent of People with Each Score
Percentile by Number Answered
Your Score History
You have not taken this quiz since the last reset